[Event "SEMI B027 email"]
[Site "SEMI email"]
[Date "2002.03.04"]
[Round "?"]
[White "Fiorentino, Marco"]
[Black "Baroni, Alessandro"]
[Result "1-0"]
[WhiteElo "1000"]
[BlackElo "1200"]
[PlyCount "65"]
[EventDate "2002.03.04"]
[EventType "tourn (corr)"]
[EventRounds "6"]
[EventCountry "ITA"]
[SourceTitle "Telechess CBM 097"]
[Source "ChessBase"]
[SourceDate "2003.11.11"]
[SourceVersion "1"]
[SourceVersionDate "2003.11.11"]
[SourceQuality "1"]

1. e4 c5 2. Nf3 Nc6 3. d4 cxd4 4. Nxd4 Nf6 5. Nc3 e5 6. Ndb5 d6 7. Bg5 a6 8. Na3 b5 9. Nd5 Be7 10. Bxf6 Bxf6 11. c3 0-0 12. Nc2 Rb8 13. Be2 Bg5 14. 0-0 a5 15. Nce3 Be6 16. Qd3 g6 17. Rad1 Qd7 18. a3 f5 19. exf5 gxf5 20. f4 e4 21. Qd2 Bh4 22. c4 b4 23. g3 Bd8 24. a4 b3 25. Kh1 Ne7 26. Nxe7+ Bxe7 27. Qxa5 Ra8 28. Qb5 Rxa4 29. Qxb3 Raa8 30. Qb5 Qxb5 31. cxb5 Ra2 32. Rd2 Kg7 33. Rc1 1-0

[Event "SEMI B027 email"]
[Site "SEMI email"]
[Date "2002.03.04"]
[Round "?"]
[White "Strazzeri, Roberto"]
[Black "Fiorentino, Marco"]
[Result "0-1"]
[WhiteElo "1486"]
[BlackElo "1000"]
[PlyCount "31"]
[EventDate "2002.03.04"]
[EventType "tourn (corr)"]
[EventRounds "6"]
[EventCountry "ITA"]
[SourceTitle "Telechess CBM 097"]
[Source "ChessBase"]
[SourceDate "2003.11.11"]
[SourceVersion "1"]
[SourceVersionDate "2003.11.11"]
[SourceQuality "1"]

1. e4 e5 2. Nf3 Nc6 3. Bb5 a6 4. Bxc6 dxc6 5. 0-0 f6 6. d4 exd4 7. Nxd4 c5 8. Nb3 Qxd1 9. Rxd1 Bg4 10. f3 Bd7 11. Be3 b6 12. Nc3 c4 13. Nd2 Be6 14. Nd5 Bxd5 15. exd5 0-0-0 16. Nxc4 0-1

[Event "SEMI B027 email"]
[Site "SEMI email"]
[Date "2002.03.04"]
[Round "?"]
[White "Vangeenberghe, Patrick"]
[Black "Fiorentino, Marco"]
[Result "0-1"]
[WhiteElo "1400"]
[BlackElo "1000"]
[PlyCount "88"]
[EventDate "2002.03.04"]
[EventType "tourn (corr)"]
[EventRounds "6"]
[EventCountry "ITA"]
[SourceTitle "Telechess CBM 097"]
[Source "ChessBase"]
[SourceDate "2003.11.11"]
[SourceVersion "1"]
[SourceVersionDate "2003.11.11"]
[SourceQuality "1"]

1. d4 Nf6 2. Nf3 e6 3. Bg5 c5 4. Nc3 cxd4 5. Qxd4 Nc6 6. Qh4 Be7 7. e4 Qa5 8. Bd3 d5 9. e5 Nd7 10. Bxe7 Nxe7 11. b4 Qb6 12. Nb5 Nc6 13. 0-0 Ncxe5 14. Nxe5 Nxe5 15. Qg3 Bd7 16. Qxe5 Bxb5 17. Qxg7 Rf8 18. Rfc1 Rc8 19. Bxh7 Rc4 20. a4 Bd7 21. c3 Rf4 22. Qg3 Qc7 23. Bd3 Rh8 24. c4 d4 25. Re1 Kf8 26. Re4 e5 27. Rxf4 exf4 28. Qg5 f3 29. g3 Qd6 30. Re1 Bxa4 31. c5 Qh6 32. Qd8+ Kg7 33. Qxd4+ Qf6 34. Re5 Rh6 35. g4 Qh4 36. Rg5+ Kf8 37. Qg7+ Ke7 38. Re5+ Re6 39. Rxe6+ Kxe6 40. Qd4 Ke7 41. b5 Qg5 42. Qxa4 Qxc5 43. Qe4+ Kd6 44. Qxb7 f5 0-1